Formula 1 world drivers championship 5th places - Statistics

General Stats
  • This quiz has been taken 240 times
  • The average score is 47 of 68
Answer Stats
Year Country Answer % Correct
2009 UK Lewis Hamilton
97%
2011 UK Lewis Hamilton
97%
2008 Spain Fernando Alonso
96%
2010 UK Jenson Button
96%
2012 UK Jenson Button
96%
2006 Finland Kimi Räikkönen
96%
2013 Finland Kimi Räikkönen
96%
2017 Australia Daniel Ricciardo
95%
2016 Netherlands Max Verstappen
95%
2015 Finland Valtteri Bottas
95%
1981 France Alain Prost
94%
1991 France Alain Prost
94%
1999 Germany Michael Schumacher
93%
1996 Finland Mika Häkkinen
93%
1997 Finland Mika Häkkinen
93%
2001 Finland Mika Häkkinen
93%
2000 Germany Ralf Schumacher
93%
2003 Germany Ralf Schumacher
93%
2014 Germany Sebastian Vettel
93%
1992 Brazil Ayrton Senna
92%
1998 Canada Jacques Villeneuve
91%
1983 Finland Keke Rosberg
90%
1982 Austria Niki Lauda
90%
2004 Colombia Juan Pablo Montoya
89%
1966 UK Graham Hill
85%
1960 USA Phil Hill
85%
2002 UK David Coulthard
82%
2005 Italy Giancarlo Fisichella
80%
1984 Brazil Nelson Piquet
80%
1950 Italy Alberto Ascari
79%
1987 Austria Gerhard Berger
79%
1990 UK Nigel Mansell
78%
1968 New Zealand Bruce Mclaren
76%
1976 Switzerland Clay Regazzoni
75%
1979 Switzerland Clay Regazzoni
75%
1994 France Jean Alesi
75%
1995 France Jean Alesi
75%
2007 Germany Nick Heidfeld
75%
1955 Italy Nino Farina
75%
1974 Sweden Ronnie Peterson
75%
1993 Italy Ricardo Patrese
74%
1977 UK James Hunt
72%
1989 Belgium Thierry Boutsen
63%
1970 UK Jackie Stewart
61%
1988 Italy Michele Alboreto
60%
1975 Germany Jochen Mass
57%
1952 UK Mike Hawthorn
56%
1965 UK John Surtees
55%
1986 Sweden Stefan Johansson
51%
1962 USA Dan Gurney
49%
1963 USA Dan Gurney
49%
1985 Italy Elio de Angelis
48%
1980 France Didier Pironi
47%
1971 Switzerland Jo Siffert
44%
1978 France Patrick Depailler
44%
1967 New Zealand Chris Amon
41%
1957 UK Tony Brooks
41%
1959 France Maurice Trintignant
39%
1958 UK Peter Collins
39%
1961 USA Richie Ginther
38%
1964 USA Richie Ginther
38%
1972 USA Peter Revson
36%
1973 USA Peter Revson
36%
1969 France Jean-Pierre Beltoise
28%
1951 Italy Luigi Villoresi
17%
1953 Italy Luigi Villoresi
17%
1954 Germany Karl Kling
15%
1956 USA Pat Flaherty
2%
No matching quizzes found
Score Distribution
Percent of People with Each Score
Percentile by Number Answered
Your Score History
You have not taken this quiz